Lei de improbidade administrativa comentada : (Record no. 709)

MARC details
000 -LÍDER
Campo Fixo de Controle 01067nam a2200277 a 4500
001 - NÚMERO DE CONTROLE
Campo de Controle 709
003 - IDENTIFICAÇÃO DO NÚMERO DE CONTROLE
Campo de Controle BR-CuiBMT
005 - DATA E HORA DA ÚLTIMA ATUALIZAÇÃO
Campo de Controle 20231114010709.0
008 - DADOS FIXOS
Dados Fixos 230904s2011 spb 001 0 por d
020 ## - INTERNATIONAL STANDARD BOOK NUMBER
Nº do ISBN 9788522463138
040 ## - AGÊNCIA CATALOGADORA
Código da Agência Catalogadora BR-CuiBMT
Agência que transcreveu o registro BR-CuiBMT
080 ## - Nº DA CLASSIFICAÇÃO DECIMAL UNIVERSAL
Nº edição CDU 2007
Nº Class. CDU 35.086:343.35
090 ## - NÚMERO DE CHAMADA
Nº classificação 35.086:343.35
Cutter P348l
Ano/Edição 5. ed.
100 1# - ENTRADA PRINCIPAL -- AUTOR PESSOAL
Nome pessoal Pazzaglini Filho, Marino
245 10 - TÍTULO PRINCIPAL
Título principal Lei de improbidade administrativa comentada :
Subtítulo aspectos constitucionais, administrativos, civis, criminais, processuais e de responsabilidade fiscal : legislação e jurisprudência atualizadas /
Indicação de responsabilidade Marino Pazzaglini Filho.
250 ## - EDIÇÃO
Edição 5. ed.
260 ## - PUBLICAÇÃO, DISTRIBUIÇÃO, ETC.
Local de publicação São Paulo :
Editora Atlas,
Data 2011.
300 ## - DESCRIÇÃO FÍSICA
N. páginas ou volumes 336 p. ;
Dimensões 24 cm
500 ## - NOTAS GERAIS
Notas gerais "Com atos de improbidade administrativa do estatuto da cidade."
504 ## - NOTA DE BIBLIOGRAFIA, ETC.
Nota de bibliografia Inclui bibliografia e índice.
650 ## - ASSUNTO TÓPICO
Cabeçalho tópico ou nome geográfico Processo administrativo
Subdivisão geográfica Brasil
650 ## - ASSUNTO TÓPICO
Cabeçalho tópico ou nome geográfico Agente público
Subdivisão geral Responsabilidade
650 ## - ASSUNTO TÓPICO
Cabeçalho tópico ou nome geográfico Improbidade administrativa
Subdivisão geral Legislação
Subdivisão geográfica Brasil
650 ## - ASSUNTO TÓPICO
Cabeçalho tópico ou nome geográfico Crime contra administração pública
942 ## - ELEMENTOS DE ENTRADA ADICIONAIS (KOHA)
Fonte de classificação ou esquema de arquivamento Classificação Decimal Universal
Tipo de item do Koha Livros
Holdings
Estado: removido Estado: perdido Fonte de classificação ou esquema de arquivamento Estado: danificado Indisponível para empréstimo Localização permanente Localização atual Data de aquisição Total Checkouts Número de Chamada completo Código de barras Date last seen Número do exemplar Preço efetivo a partir de Tipo de item (Koha)
    Classificação Decimal Universal     Biblioteca da Escola Superior de Contas do TCE/MT Biblioteca da Escola Superior de Contas do TCE/MT 14/11/2023   35.086:343.35 P348l 5. ed. BIBTCEMT23110560 14/11/2023 Ex. 1 14/11/2023 Livros

Powered by Koha